000
00221nam a2200085Ia 4500
008
120527s9999 xx 000 0 und d
100
_a
MASON, et al
245
_a
Statistical Techniques in business and Economics
942
_c
BK
999
_c
26692
_d
26692